Statistics for Medieval History-Eleanor of Aquitaine

Click here to take the quiz!

General Stats

  • This quiz has been taken 32 times
  • The average score is 9 of 13

Answer Stats

QuestionAnswer% Correct
By this marriage she became queen of what country?England
100%
Of what country did Eleanor then become queen?France
100%
Who did Eleanor marry after her annulment?Henry II
100%
Who was Eleanor's first husband?Louis VII
94%
Which of Eleanor's sons was evidently her favorite?Richard
87%
Which of Eleanor's sons, while King of England, spent most of his life on the Continent?Richard the Lionheart
77%
Which of Eleanor's sons was almost certainly responsible for the disappearance and murder of her nephew Arthur?John
68%
How many children did Eleanor have in this marriage?two daughters
58%
Who was Richard the Lionheart's wife?Berengaria of Navarre
52%
What abbey, where Eleanor was buried, did she support throughout her life?Fontevrault
52%
How long were Eleanor and her first husband married before his father died and he became king?one week
42%
At her father's death at age 38, Eleanor became countess of which province?Poitiers
42%
Who was Eleanor's maternal grandmother?Dangerosa
32%

Score Distribution

Percentile by Number Answered

Percent of People with Each Score

Your Score History

You have not taken this quiz